[Event "XXVIII Festival Conca della Presolana 1N"]
[Site "Bratto - Castione della Presolana ITA"]
[Date "2008.08.30"]
[Round "8"]
[White "Rossini, Luca"]
[Black "Gambarino, Federico"]
[Result "0-1"]
[WhiteElo "1785"]
[BlackElo "1847"]
[PlyCount "86"]
[EventDate "2008.08.23"]

1. d4 Nf6 2. c4 g6 3. Nc3 Bg7 4. e4 d6 5. Bd3 O-O 6. Nge2 Nh5 7. f3 Nc6 8. Be3
e5 9. d5 Nd4 10. Bc2 Nxc2+ 11. Qxc2 f5 12. O-O f4 13. Bf2 g5 14. h3 Nf6 15. b3
h5 16. Qd3 g4 17. Bh4 gxh3 18. Rf2 h2+ 19. Kh1 Ng4 20. fxg4 Qxh4 21. Raf1 Bxg4
22. Nd1 Rf6 23. a4 a5 24. Ndc3 Raf8 25. Nb5 R6f7 26. Nbc3 Kh7 27. Ng3 Kg8 28.
Nge2 Rf6 29. Nb5 R8f7 30. Nbc3 b6 31. Nb1 f3 32. gxf3 Bh3 33. Rxh2 Rg6 34. Rff2
Bh6 35. Nbc3 Rfg7 36. f4 Qg4 37. Rxh3 Bxf4 38. Rg3 Bxg3 39. Nxg3 Qxg3 40. Qxg3
Rxg3 41. Rc2 Rh3+ 42. Rh2 Rxc3 43. Rxh5 Rh7 0-1

[Event "XXVIII Festival Conca della Presolana 1N"]
[Site "Bratto - Castione della Presolana ITA"]
[Date "2008.08.30"]
[Round "8"]
[White "Saccani, Ettore"]
[Black "Oteri, Aldo"]
[Result "1-0"]
[WhiteElo "1873"]
[BlackElo "1844"]
[PlyCount "63"]
[EventDate "2008.08.23"]

1. e4 e6 2. d4 d5 3. e5 c5 4. c3 Nc6 5. Nf3 Qb6 6. Bd3 f6 7. O-O cxd4 8. cxd4
fxe5 9. dxe5 Nge7 10. Nc3 a6 11. Na4 Qc7 12. Re1 Nb4 13. Be3 Nxd3 14. Qxd3 b5
15. Rac1 Qa5 16. Nb6 Rb8 17. b4 Qxb4 18. Rc7 Bb7 19. Bc5 Qa5 20. Rc1 Nc8 21.
Bxf8 Nxb6 22. Bxg7 Nc4 23. Rxb7 Rxb7 24. Bxh8 Rc7 25. Qc2 Qb6 26. Ng5 Kd8 27.
Nxh7 Rc6 28. Ng5 Nxe5 29. Nxe6+ Ke7 30. Nc5 Nc4 31. Qh7+ Ke8 32. Re1+ 1-0

[Event "XXVIII Festival Conca della Presolana 1N"]
[Site "Bratto - Castione della Presolana ITA"]
[Date "2008.08.30"]
[Round "8"]
[White "Saracco, Marco"]
[Black "Franzini, Stefano"]
[Result "1/2-1/2"]
[WhiteElo "1939"]
[BlackElo "1860"]
[PlyCount "49"]
[EventDate "2008.08.23"]

1. d4 d5 2. c4 e6 3. Nc3 Nf6 4. cxd5 exd5 5. Bg5 c6 6. Qc2 Be6 7. e3 Nbd7 8.
Bd3 h6 9. Bh4 Bd6 10. Nf3 Qc7 11. Rc1 Rc8 12. O-O Bg4 13. Bg3 Bxg3 14. fxg3 O-O
15. h3 Be6 16. g4 Rfe8 17. Rce1 c5 18. Qf2 Nh7 19. e4 dxe4 20. Rxe4 Nhf6 21.
Ree1 g5 22. Rd1 cxd4 23. Nxd4 Qc5 24. Nxe6 Qxf2+ 25. Kxf2 1/2-1/2

[Event "XXVIII Festival Conca della Presolana 1N"]
[Site "Bratto - Castione della Presolana ITA"]
[Date "2008.08.30"]
[Round "8"]
[White "Viglino, Antonio"]
[Black "Jones, Alessandro"]
[Result "1-0"]
[WhiteElo "1862"]
[BlackElo "1968"]
[PlyCount "35"]
[EventDate "2008.08.23"]

1. d4 Nf6 2. Nf3 d5 3. c4 e6 4. g3 Be7 5. Bg2 O-O 6. O-O c6 7. Qc2 Nbd7 8. b3
b5 9. c5 Ne4 10. Bb2 Qc7 11. b4 f6 12. Nbd2 Nxd2 13. Nxd2 e5 14. e4 dxe4 15.
Bxe4 Bb7 16. Bxh7+ Kh8 17. Qf5 g5 18. Bg6 1-0

[Event "XXVIII Festival Conca della Presolana 1N"]
[Site "Bratto - Castione della Presolana ITA"]
[Date "2008.08.30"]
[Round "8"]
[White "Villa, Claudio"]
[Black "Sanzani, Pierluigi"]
[Result "1/2-1/2"]
[WhiteElo "1863"]
[BlackElo "1853"]
[PlyCount "67"]
[EventDate "2008.08.23"]

1. b3 d5 2. Bb2 c5 3. g3 e6 4. Bg2 Nf6 5. e3 Be7 6. Ne2 O-O 7. O-O Nc6 8. d3
Qc7 9. Nbc3 a6 10. Nf4 Rd8 11. Re1 b5 12. a3 Bb7 13. d4 Nb8 14. Nce2 Nbd7 15.
Nd3 c4 16. Ndf4 Nb6 17. Nc3 b4 18. axb4 Bxb4 19. Re2 cxb3 20. cxb3 Qd7 21. Nd3
Bd6 22. Rc2 Rdc8 23. Rac1 Qe7 24. Nb1 Nfd7 25. Qe1 Rxc2 26. Rxc2 Rc8 27. Rxc8+
Nxc8 28. Qa5 Na7 29. Ba3 Bxa3 30. Nxa3 Nc6 31. Qc7 Ndb8 32. Qb6 Qxa3 33. Qxb7
Qe7 34. Qb6 1/2-1/2

[Event "XXVIII Festival Conca della Presolana 1N"]
[Site "Bratto - Castione della Presolana ITA"]
[Date "2008.08.30"]
[Round "8"]
[White "Villalba, Fernando"]
[Black "Autino, Massimiliano"]
[Result "1/2-1/2"]
[WhiteElo "1847"]
[BlackElo "1809"]
[PlyCount "56"]
[EventDate "2008.08.23"]

1. d4 f5 2. Nf3 Nf6 3. Bf4 g6 4. h3 Bg7 5. e3 d6 6. c3 O-O 7. Be2 Nbd7 8. O-O
Qe8 9. Na3 a6 10. Qb3+ Kh8 11. Rad1 Ne4 12. Nc4 e5 13. dxe5 dxe5 14. Bh2 Qe6
15. Ncd2 Qxb3 16. axb3 Nxd2 17. Rxd2 h6 18. Rfd1 e4 19. Ne1 Ne5 20. Rd8 Be6 21.
Rxa8 Rxa8 22. b4 Kg8 23. Rd2 Kf8 24. Nc2 Ke7 25. Nd4 Rd8 26. Kf1 Rd7 27. Ke1
Nc4 28. Bxc4 Bxc4 1/2-1/2

[Event "XIII Festival A"]
[Site "Cesenatico ITA"]
[Date "2008.08.30"]
[Round "1"]
[White "Bellincampi, Stefano"]
[Black "Sveshnikov, Evgeny E."]
[WhiteElo "2049"]
[BlackElo "2510"]
[Result "1/2-1/2"]
[PlyCount "68"]
[EventDate "2008.08.30"]

1. e4 c5 2. c3 b6 3. d4 Bb7 4. Nd2 cxd4 5. cxd4 Nf6 6. Bd3 Nc6 7. Ne2 e5 8. d5
Nb4 9. Bb1 Bc5 10. Nf3 a5 11. O-O d6 12. a3 Na6 13. Nc3 O-O 14. Bd3 Nc7 15. Bg5
h6 16. Bd2 Bc8 17. Rb1 Bg4 18. b4 axb4 19. axb4 Bd4 20. Ne2 Bxf3 21. gxf3 Nh5
22. Nxd4 exd4 23. f4 Qh4 24. Qf3 Ra3 25. Ra1 Rfa8 26. Rxa3 Rxa3 27. Rc1 Nb5 28.
Rc8+ Kh7 29. e5+ g6 30. e6 Rxd3 31. Qxd3 Qg4+ 32. Kf1 Qd1+ 33. Kg2 Qg4+ 34. Kf1
Qd1+ 1/2-1/2

[Event "XIII Festival A"]
[Site "Cesenatico ITA"]
[Date "2008.08.30"]
[Round "1"]
[White "Gennari, Leone"]
[Black "Skembris, Spyridon"]
[WhiteElo "2015"]
[BlackElo "2415"]
[Result "0-1"]
[PlyCount "100"]
[EventDate "2008.08.30"]

1. d4 Nf6 2. c4 c5 3. d5 e5 4. Nc3 d6 5. e4 Be7 6. Bd3 O-O 7. Nge2 Nh5 8. O-O
Bg5 9. f4 exf4 10. Nxf4 Nxf4 11. Bxf4 Bxf4 12. Rxf4 Nd7 13. Qe2 Ne5 14. Raf1
Bd7 15. Nd1 a6 16. Ne3 b5 17. b3 Rb8 18. Nf5 bxc4 19. Bxc4 Nxc4 20. bxc4 Bxf5
21. Rxf5 f6 22. g4 Qe7 23. g5 fxg5 24. e5 Rxf5 25. Rxf5 g6 26. Rf6 g4 27. Qxg4
Qxe5 28. Qe6+ Qxe6 29. Rxe6 Rb6 30. Re7 Rb4 31. Ra7 Ra4 32. Rd7 Rxc4 33. Rxd6
Ra4 34. Rc6 Rxa2 35. d6 Kf7 36. Rxc5 Ke6 37. Rc7 Kxd6 38. Rxh7 Ke5 39. h4 Kf4
40. h5 Kg3 41. Kf1 g5 42. h6 Rf2+ 43. Ke1 Rf6 44. Rg7 g4 45. h7 Rh6 46. Kf1
Rh1+ 47. Ke2 a5 48. Ra7 Kg2 49. Rg7 g3 50. Ra7 Rh6 0-1

[Event "XIII Festival A"]
[Site "Cesenatico ITA"]
[Date "2008.08.30"]
[Round "1"]
[White "Okhotnik, Vladimir"]
[Black "Coleman, Robbie"]
[WhiteElo "2468"]
[BlackElo "2027"]
[Result "1-0"]
[PlyCount "59"]
[EventDate "2008.08.30"]

1. e4 e6 2. d4 d5 3. exd5 exd5 4. Nf3 Bd6 5. c4 dxc4 6. Bxc4 Nf6 7. O-O O-O 8.
h3 Nbd7 9. Bg5 Nb6 10. Bb3 Be7 11. Nc3 c6 12. Re1 Nbd5 13. Bh4 Bf5 14. Bxd5
cxd5 15. Qb3 Be6 16. Qxb7 Rb8 17. Qxa7 Rxb2 18. Na4 Rb8 19. Nc5 Ra8 20. Qb7 Rb8
21. Qa6 Ra8 22. Qd3 Bxc5 23. dxc5 Ra5 24. c6 Qa8 25. Bxf6 gxf6 26. Nd4 Rxa2 27.
Qg3+ Kh8 28. Rxa2 Qxa2 29. Qf4 Kg7 30. Re3 1-0

[Event "XIII Festival A"]
[Site "Cesenatico ITA"]
[Date "2008.08.30"]
[Round "1"]
[White "Rausis, Igors"]
[Black "Green, Andrew D."]
[WhiteElo "2486"]
[BlackElo "2038"]
[Result "1-0"]
[PlyCount "77"]
[EventDate "2008.08.30"]

1. Nf3 g6 2. e4 c5 3. d4 cxd4 4. Nxd4 Nc6 5. Nb3 Bg7 6. Be2 Nf6 7. Nc3 O-O 8.
O-O d6 9. Re1 Be6 10. Bf1 a5 11. a4 Bxb3 12. cxb3 Nb4 13. Nd5 Nd7 14. Bg5 Re8
15. Qd2 Nc6 16. Rad1 Nc5 17. Bc4 Nd4 18. Be3 Nxe4 19. Qc1 e5 20. Bxd4 exd4 21.
Qf4 Nf6 22. Rxe8+ Nxe8 23. Nb6 d5 24. Bxd5 Nf6 25. Bxf7+ Kxf7 26. Nxa8 Qxa8 27.
Qc7+ Kf8 28. Rxd4 Ne8 29. Rd8 Qa6 30. Rxe8+ Kxe8 31. Qxg7 Qd3 32. Qg8+ Ke7 33.
Qxh7+ Kf6 34. Qh4+ Kg7 35. Qe7+ Kg8 36. Qe6+ Kg7 37. Qe5+ Kf7 38. Qc7+ Kf8 39.
Qb8+ 1-0

[Event "XIII Festival A"]
[Site "Cesenatico ITA"]
[Date "2008.08.30"]
[Round "1"]
[White "Stokes, Ivan"]
[Black "Meijers, Viesturs"]
[WhiteElo "2047"]
[BlackElo "2496"]
[Result "0-1"]
[PlyCount "68"]
[EventDate "2008.08.30"]

1. e4 c5 2. Nf3 e6 3. Nc3 a6 4. d4 cxd4 5. Nxd4 b5 6. Bd3 Bb7 7. a4 b4 8. Na2
Qc7 9. c3 Nf6 10. Qe2 e5 11. Nb3 a5 12. Bd2 Nc6 13. O-O Be7 14. Qe1 Qd6 15. Bc4
O-O 16. Rd1 Qb8 17. Bg5 Rd8 18. Bxf6 Bxf6 19. Nc5 Bc8 20. Qd2 Qc7 21. Bd5 Rb8
22. cxb4 axb4 23. Nb3 Ne7 24. Rc1 Qa7 25. Rc5 Nxd5 26. Ra5 Ba6 27. exd5 Qb6 28.
Rc1 h6 29. Qe3 Bg5 30. Qxb6 Rxb6 31. Rc7 Bd3 32. Nc5 Bb1 33. Nxd7 Rd6 34. Nxb4
R6xd7 0-1

[Event "XIII Festival A"]
[Site "Cesenatico ITA"]
[Date "2008.08.30"]
[Round "1"]
[White "Sveshnikov, Vladimir"]
[Black "Pipitone, Antonio"]
[WhiteElo "2413"]
[BlackElo "2011"]
[Result "1/2-1/2"]
[PlyCount "58"]
[EventDate "2008.08.30"]

1. e4 c5 2. c3 d6 3. d4 cxd4 4. cxd4 Nf6 5. Nc3 e6 6. Nf3 Be7 7. Bd3 Nc6 8. O-O
a6 9. Qe2 Qb6 10. e5 dxe5 11. dxe5 Nd7 12. Be3 Qc7 13. Bf4 Nc5 14. Bc2 b5 15.
Rac1 Bb7 16. Ne4 Nxe4 17. Bxe4 Rc8 18. Rc2 O-O 19. Rfc1 Qd7 20. Qd2 Qe8 21. h3
Rd8 22. Qe3 Na5 23. Bxb7 Nxb7 24. Qb6 Rd7 25. Qxa6 b4 26. Qb5 Rd1+ 27. Rxd1
Qxb5 28. Nd4 Qd5 29. Rdd2 Qe4 1/2-1/2

[Event "XIII Festival A"]
[Site "Cesenatico ITA"]
[Date "2008.08.31"]
[Round "2"]
[White "Brigati, Alessandro"]
[Black "Sarbok, Torsten"]
[WhiteElo "2102"]
[BlackElo "2327"]
[Result "0-1"]
[PlyCount "176"]
[EventDate "2008.08.30"]

1. d4 d5 2. Bf4 Bg4 3. h3 Bh5 4. Nf3 Bxf3 5. exf3 e6 6. Nd2 Bd6 7. Bxd6 Qxd6 8.
c3 Nf6 9. Bd3 O-O 10. g3 e5 11. O-O exd4 12. cxd4 Qb6 13. Nb3 Nc6 14. Rc1 Rfe8
15. Qd2 Re7 16. Rfe1 Rae8 17. Re3 Kf8 18. Bb1 Rxe3 19. fxe3 Nd8 20. Nc5 Qd6 21.
Kf2 Nh5 22. Rg1 b6 23. Nd3 c5 24. Nf4 Nxf4 25. gxf4 Ne6 26. dxc5 bxc5 27. Bxh7
d4 28. e4 Nxf4 29. Rg4 Ne6 30. Bf5 d3 31. Bxe6 Rxe6 32. b3 Re7 33. h4 Rd7 34.
Kg2 Qd4 35. Kh3 a5 36. h5 Qf6 37. f4 Kg8 38. Rg5 Qe6+ 39. Kg3 a4 40. Rxc5 axb3
41. axb3 Qxe4 42. Re5 Qh1 43. b4 f6 44. Rc5 Kh7 45. Kg4 Kh6 46. Kg3 Rd8 47. Kg4
Qg1+ 48. Kf3 Qf1+ 49. Kg3 Qg1+ 50. Kf3 Qf1+ 51. Kg3 Qe2 52. Qxe2 dxe2 53. Kf2
Rd2 54. b5 Rb2 55. b6 Rxb6 56. Kxe2 Rb3 57. Kf2 Rh3 58. Kg2 Rxh5 59. Rc8 Kg6
60. Kg3 Rh1 61. Rc5 Rh5 62. Rc7 Ra5 63. Kg4 Rb5 64. Ra7 Kh6 65. Ra6 Kg6 66. Rc6
Rb1 67. Rc5 f5+ 68. Kh4 Rg1 69. Rc6+ Kh7 70. Rc4 Kh6 71. Ra4 g6 72. Rb4 Rg4+
73. Kh3 Kh5 74. Rb8 Rxf4 75. Kg3 Kg5 76. Rg8 Ra4 77. Rb8 Ra3+ 78. Kg2 Kg4 79.
Rb2 f4 80. Kf2 g5 81. Rc2 Ra4 82. Rb2 Kh4 83. Kg2 g4 84. Kh2 f3 85. Rb1 Ra2+
86. Kg1 Kh3 87. Rf1 Rg2+ 88. Kh1 f2 0-1

[Event "XIII Festival A"]
[Site "Cesenatico ITA"]
[Date "2008.08.31"]
[Round "2"]
[White "Gaiba, Paolo"]
[Black "Okhotnik, Vladimir"]
[WhiteElo "2152"]
[BlackElo "2468"]
[Result "0-1"]
[PlyCount "50"]
[EventDate "2008.08.30"]

1. e4 d5 2. Nc3 dxe4 3. Nxe4 Qd5 4. Ng3 Nc6 5. Nf3 e5 6. b3 Bg4 7. Bc4 Bxf3 8.
Bxd5 Bxd1 9. Bxc6+ bxc6 10. Kxd1 O-O-O 11. Re1 f6 12. d3 Ne7 13. Re4 Nd5 14.
Rc4 Nb6 15. Re4 g6 16. Bb2 Rg8 17. f4 exf4 18. Rxf4 f5 19. Ke2 h5 20. c4 Bd6
21. Rf3 Rge8+ 22. Kf2 h4 23. Nf1 Bc5+ 24. d4 Rxd4 25. Re3 Rf4+ 0-1

[Event "XIII Festival A"]
[Site "Cesenatico ITA"]
[Date "2008.08.31"]
[Round "2"]
[White "Klocker, Daniel"]
[Black "Vuelban, Virgilio"]
[WhiteElo "2075"]
[BlackElo "2263"]
[Result "0-1"]
[PlyCount "56"]
[EventDate "2008.08.30"]

1. e4 c5 2. c3 d6 3. d4 Nf6 4. dxc5 Nc6 5. f3 dxc5 6. Qxd8+ Kxd8 7. Be3 b6 8.
a4 e6 9. Na3 Bd6 10. Nh3 Ke7 11. Be2 h6 12. O-O g5 13. Nf2 Bb7 14. Nc4 Bc7 15.
a5 Ne5 16. axb6 axb6 17. b4 Nfd7 18. Rfc1 f5 19. exf5 exf5 20. Nxe5 Bxe5 21.
Bb5 g4 22. Nd3 gxf3 23. Bxd7 Rxa1 24. Rxa1 Bxc3 25. Ra7 Kxd7 26. Rxb7+ Kc6 27.
Re7 cxb4 28. Kf1 b3 0-1

[Event "XIII Festival A"]
[Site "Cesenatico ITA"]
[Date "2008.08.31"]
[Round "2"]
[White "Mrdja, Milan"]
[Black "Kanina, Adriatik"]
[WhiteElo "2409"]
[BlackElo "2128"]
[Result "1-0"]
[PlyCount "85"]
[EventDate "2008.08.30"]

1. e4 c5 2. Nf3 g6 3. d4 cxd4 4. Nxd4 Nc6 5. Nc3 Bg7 6. Be3 Nf6 7. Nxc6 bxc6 8.
e5 Ng8 9. f4 Nh6 10. Qd2 O-O 11. O-O-O d6 12. exd6 exd6 13. h3 Nf5 14. Bf2 Qa5
15. Bc4 Qb4 16. Bb3 Bxc3 17. Qxc3 Qxc3 18. bxc3 Rd8 19. g4 Ng7 20. Bh4 Rd7 21.
Rhe1 a5 22. a4 d5 23. c4 Bb7 24. cxd5 cxd5 25. Re7 Rad8 26. Re5 Re8 27. Rxe8+
Nxe8 28. Be1 Nc7 29. f5 gxf5 30. gxf5 Na6 31. Bxa5 Nc5 32. Rg1+ Kh8 33. Bb6 Ne4
34. Bd4+ f6 35. Rg4 Rd6 36. a5 Bc8 37. Rf4 Ng3 38. Kd2 Bxf5 39. Rf3 Ne4+ 40.
Ke3 Be6 41. c4 Nd2 42. c5 Nxf3 43. cxd6 1-0

[Event "XIII Festival A"]
[Site "Cesenatico ITA"]
[Date "2008.08.31"]
[Round "2"]
[White "Ori, Marco"]
[Black "Roeder, Matthias"]
[WhiteElo "2138"]
[BlackElo "2451"]
[Result "0-1"]
[PlyCount "114"]
[EventDate "2008.08.30"]

1. e4 c5 2. Nf3 d6 3. Bb5+ Bd7 4. Bxd7+ Qxd7 5. O-O Nc6 6. c3 d5 7. exd5 Qxd5
8. d4 e6 9. Be3 cxd4 10. Nxd4 Nxd4 11. Bxd4 Ne7 12. Qb3 Qc6 13. Nd2 Nf5 14. Nf3
Bd6 15. Be5 Bc5 16. Rad1 O-O 17. Nd4 Bxd4 18. Bxd4 b6 19. Rd3 Rfd8 20. Rfd1 Rd7
21. Be3 Rad8 22. Rxd7 Rxd7 23. Bf4 Nh4 24. f3 Qc5+ 25. Kf1 Rxd1+ 26. Qxd1 Qc4+
27. Kg1 f6 28. Qd8+ Kf7 29. Qc7+ Qxc7 30. Bxc7 b5 31. Kf2 e5 32. g3 Ng6 33. Ke3
Ke6 34. Kd3 Kd5 35. Bb8 a6 36. b3 Ne7 37. Ba7 Nc6 38. Bb6 f5 39. c4+ bxc4+ 40.
bxc4+ Ke6 41. a3 g5 42. h3 h5 43. g4 hxg4 44. hxg4 e4+ 45. fxe4 Ne5+ 46. Kd4 f4
47. c5 Nxg4 48. c6 f3 49. c7 Kd7 50. Kd3 Ne5+ 51. Kc3 g4 52. Bf2 Kxc7 53. Bg3
Kd6 54. Kd4 Ke6 55. a4 Ng6 56. Kc5 Nf4 57. Kc4 Ne2 0-1

[Event "XIII Festival A"]
[Site "Cesenatico ITA"]
[Date "2008.08.31"]
[Round "2"]
[White "Ortega, Lexy"]
[Black "Fehr, Axel"]
[WhiteElo "2456"]
[BlackElo "2138"]
[Result "1-0"]
[PlyCount "51"]
[EventDate "2008.08.30"]

1. d4 Nf6 2. Nf3 e6 3. Bf4 c5 4. e3 Qb6 5. Qc1 Nc6 6. c3 Nh5 7. Bg5 h6 8. Bh4
d5 9. Be2 g5 10. dxc5 Bxc5 11. Bg3 Nxg3 12. hxg3 g4 13. Nd4 e5 14. Nb3 Be7 15.
e4 Bg5 16. Qxg5 hxg5 17. Rxh8+ Ke7 18. exd5 Nd8 19. Na3 Bf5 20. Rd1 Qg6 21. Nc4
f6 22. Ne3 Kf7 23. Nc5 Rc8 24. Ne6 Bxe6 25. dxe6+ Ke7 26. Bxg4 1-0

[Event "XIII Festival A"]
[Site "Cesenatico ITA"]
[Date "2008.08.31"]
[Round "2"]
[White "Popa, Claudiu"]
[Black "Rausis, Igors"]
[WhiteElo "2172"]
[BlackElo "2486"]
[Result "1/2-1/2"]
[PlyCount "106"]
[EventDate "2008.08.30"]

1. e4 g6 2. d4 Bg7 3. c3 d5 4. exd5 Nf6 5. Nf3 O-O 6. Be2 Qxd5 7. O-O c5 8.
dxc5 Qxc5 9. Be3 Qc7 10. Na3 Nc6 11. Nb5 Qb8 12. Nbd4 Nd5 13. Bd2 Nxd4 14. Nxd4
e5 15. Nc2 Be6 16. Ne3 Nf4 17. Bc4 Bxc4 18. Nxc4 b5 19. Na5 Qb6 20. Nb3 Rfd8
21. Qf3 Nd3 22. Be3 Qc7 23. Bg5 f6 24. Bxf6 Bxf6 25. Qxf6 Nxb2 26. f4 exf4 27.
Rxf4 Rf8 28. Qe6+ Kh8 29. Rxf8+ Rxf8 30. Rf1 Rxf1+ 31. Kxf1 Kg7 32. Kg1 Na4 33.
Nd4 Nxc3 34. Qe3 Nd5 35. Ne6+ Kf6 36. Nxc7 Nxe3 37. Nxb5 a6 38. Nc7 a5 39. Kf2
Nd1+ 40. Ke1 Nc3 41. a3 Ke5 42. Kd2 Nb1+ 43. Kc2 Nxa3+ 44. Kb3 Nb1 45. Kc2 Kd6
46. Ne8+ Ke7 47. Nc7 Kd7 48. Nd5 Kc6 49. Nf6 Na3+ 50. Kb3 Nb5 51. Nxh7 Nd6 52.
Ka4 Nc4 53. h4 Ne3 1/2-1/2

[Event "XIII Festival A"]
[Site "Cesenatico ITA"]
[Date "2008.08.31"]
[Round "2"]
[White "Rotoni, Matteo"]
[Black "Schaufelberger, Heinz"]
[WhiteElo "2089"]
[BlackElo "2307"]
[Result "1-0"]
[PlyCount "35"]
[EventDate "2008.08.30"]

1. e4 c5 2. c3 Nf6 3. e5 Nd5 4. d4 cxd4 5. cxd4 d6 6. Nf3 Nc6 7. Bc4 e6 8. O-O
Be7 9. Qe2 O-O 10. Qe4 Qc7 11. Re1 Bd7 12. Bg5 dxe5 13. dxe5 Nxe5 14. Qxe5 Qxc4
15. Bxe7 Nxe7 16. Qd6 Nd5 17. Qxd7 Rfd8 18. Qxf7+ 1-0

[Event "XIII Festival A"]
[Site "Cesenatico ITA"]
[Date "2008.09.01"]
[Round "3"]
[White "Barletta, Mauro"]
[Black "Sveshnikov, Evgeny E."]
[WhiteElo "2205"]
[BlackElo "2510"]
[Result "1/2-1/2"]
[PlyCount "103"]
[EventDate "2008.08.30"]

1. e4 c5 2. Nf3 Nc6 3. d3 Nf6 4. g3 e6 5. Bg2 d5 6. Qe2 Be7 7. O-O O-O 8. e5
Ne8 9. c4 Nc7 10. Nc3 Nd4 11. Nxd4 cxd4 12. Nb1 dxc4 13. dxc4 Rb8 14. Rd1 b5
15. Qg4 f5 16. Qxd4 Qxd4 17. Rxd4 Bc5 18. Rd1 bxc4 19. Nc3 Bb7 20. Bxb7 Rxb7
21. Rd7 Rfb8 22. Na4 Na6 23. Nxc5 Nxc5 24. Rd4 Rb4 25. Bd2 Rxb2 26. Rxc4 Nd3
27. Be3 g5 28. Bxg5 Nxf2 29. Be3 Nh3+ 30. Kf1 f4 31. gxf4 Rxh2 32. Bg1 Nxg1 33.
Kxg1 Rbb2 34. Rd1 Rbg2+ 35. Kf1 Rxa2 36. Kg1 Kf7 37. f5 exf5 38. Rc6 Rhg2+ 39.
Kh1 Rge2 40. Rf6+ Ke7 41. Rxf5 Rh2+ 42. Kg1 Rag2+ 43. Kf1 Ke6 44. Rf8 Kxe5 45.
Re1+ Kd4 46. Rd8+ Kc3 47. Rc8+ Kb2 48. Rb8+ Ka2 49. Re5 Rg3 50. Ra5+ Ra3 51.
Rxa3+ Kxa3 52. Ra8 1/2-1/2

[Event "XIII Festival A"]
[Site "Cesenatico ITA"]
[Date "2008.09.01"]
[Round "3"]
[White "Dittmar, Peter"]
[Black "Popa, Claudiu"]
[WhiteElo "2354"]
[BlackElo "2172"]
[Result "1/2-1/2"]
[PlyCount "76"]
[EventDate "2008.08.30"]

1. e4 e5 2. Nf3 Nc6 3. Bb5 a6 4. Bxc6 dxc6 5. Nc3 Bd6 6. d4 Bg4 7. dxe5 Bxf3 8.
Qxf3 Bxe5 9. Bd2 Qf6 10. Qxf6 Nxf6 11. O-O-O O-O-O 12. f3 Rd7 13. Ne2 Rhd8 14.
c3 c5 15. Bf4 Rxd1+ 16. Rxd1 Rxd1+ 17. Kxd1 Bxf4 18. Nxf4 Nd7 19. Ke2 c6 20.
Nh5 g6 21. Ng3 Kc7 22. Nf1 c4 23. Nd2 b5 24. Ke3 Kd6 25. f4 Nc5 26. b3 cxb3 27.
axb3 f6 28. g4 a5 29. h4 a4 30. bxa4 Nxa4 31. Kd3 Nc5+ 32. Kd4 Ne6+ 33. Ke3 Nc5
34. g5 fxg5 35. hxg5 Na4 36. Kd3 Nb2+ 37. Kc2 Na4 38. Kd3 Nb2+ 1/2-1/2

[Event "XIII Festival A"]
[Site "Cesenatico ITA"]
[Date "2008.09.01"]
[Round "3"]
[White "Facchetti, Gianni"]
[Black "Borsos, Bogdan"]
[WhiteElo "2135"]
[BlackElo "2377"]
[Result "0-1"]
[PlyCount "66"]
[EventDate "2008.08.30"]

1. e4 Nf6 2. e5 Nd5 3. d4 d6 4. exd6 exd6 5. Be2 Be7 6. Nf3 O-O 7. O-O Bg4 8.
c4 Nf6 9. Nc3 d5 10. c5 Re8 11. Bf4 c6 12. Ne5 Bxe2 13. Nxe2 Nbd7 14. Nxd7 Qxd7
15. Ng3 Bf8 16. f3 b6 17. b4 a5 18. a3 axb4 19. axb4 bxc5 20. bxc5 Rxa1 21.
Qxa1 g6 22. Re1 Bg7 23. Be5 h5 24. h4 Re6 25. Re2 Qe7 26. Qe1 Ne8 27. Bxg7 Nxg7
28. Rxe6 Nxe6 29. Qe5 Qxh4 30. Ne2 Qe1+ 31. Kh2 Ng7 32. f4 Qf2 33. Kh1 h4 0-1

[Event "XIII Festival A"]
[Site "Cesenatico ITA"]
[Date "2008.09.01"]
[Round "3"]
[White "MacDonald, Christopher"]
[Black "Mrdja, Milan"]
[WhiteElo "2091"]
[BlackElo "2409"]
[Result "0-1"]
[PlyCount "56"]
[EventDate "2008.08.30"]

1. c4 g6 2. g3 Bg7 3. Bg2 e6 4. Nc3 Ne7 5. d4 d5 6. Nf3 O-O 7. Bf4 dxc4 8. e4
a6 9. O-O b5 10. Qe2 Nbc6 11. Rad1 Nb4 12. Be3 Bb7 13. Ne1 Re8 14. g4 Qd7 15.
f4 f5 16. a3 Nbc6 17. Nc2 Na5 18. Qf2 Rad8 19. Qh4 fxe4 20. Nxe4 Bxe4 21. Bxe4
Nb3 22. Rf3 Nc5 23. Rh3 Nxe4 24. f5 exf5 25. Qxh7+ Kf7 26. Bh6 Rg8 27. gxf5
Nxf5 28. Rf1 Nf6 0-1

[Event "XIII Festival A"]
[Site "Cesenatico ITA"]
[Date "2008.09.01"]
[Round "3"]
[White "Sveshnikov, Vladimir"]
[Black "Lagrotteria, Salvatore"]
[WhiteElo "2413"]
[BlackElo "2196"]
[Result "1/2-1/2"]
[PlyCount "106"]
[EventDate "2008.08.30"]

1. e4 c6 2. d4 d5 3. exd5 cxd5 4. Nf3 Bg4 5. c3 Nf6 6. Bf4 Nc6 7. Qb3 Qc8 8.
Ne5 Bd7 9. Nd2 g6 10. Bd3 Bg7 11. h3 O-O 12. O-O Nh5 13. Bh2 Bxe5 14. dxe5 Be6
15. Qa4 Qc7 16. Nf3 d4 17. Nxd4 Nxd4 18. Qxd4 Rfd8 19. Qe3 Ng7 20. Rfd1 Qc6 21.
Qe2 a6 22. Be4 Qb6 23. b3 a5 24. Rxd8+ Rxd8 25. Rd1 Rxd1+ 26. Qxd1 a4 27. bxa4
Bxa2 28. Bf4 Ne6 29. Be3 Qc7 30. Qa1 Bc4 31. Qb2 Ba6 32. Bd4 Qc4 33. Bxb7 Bxb7
34. Qxb7 Nxd4 35. cxd4 Qc1+ 36. Kh2 Qf4+ 37. g3 Qxf2+ 38. Qg2 Qxd4 39. a5 Qxe5
40. a6 Qe3 41. h4 h5 42. Qa8+ Kg7 43. a7 Qf2+ 44. Kh3 Qf5+ 45. Kg2 Qc2+ 46. Kh1
Qb1+ 47. Kh2 Qa2+ 48. Kh3 Qe6+ 49. Kh2 Qa2+ 50. Kg1 Qb1+ 51. Kg2 Qc2+ 52. Kf3
Qd3+ 53. Kg2 Qc2+ 1/2-1/2

[Event "XIII Festival A"]
[Site "Cesenatico ITA"]
[Date "2008.09.02"]
[Round "4"]
[White "Brunner, Werner"]
[Black "Rausis, Igors"]
[WhiteElo "2186"]
[BlackElo "2486"]
[Result "0-1"]
[PlyCount "78"]
[EventDate "2008.08.30"]

1. d4 c5 2. c3 e6 3. Nf3 d5 4. Bf4 Qb6 5. Qb3 Nc6 6. e3 Nf6 7. Nbd2 Be7 8. Be2
O-O 9. O-O h6 10. h3 Re8 11. Ne5 Nxe5 12. Bxe5 Bd7 13. Rfe1 Bc6 14. Qxb6 axb6
15. a3 Nd7 16. Bg3 Bf8 17. Nf3 f6 18. Bd3 b5 19. Bg6 Red8 20. dxc5 e5 21. b4 b6
22. cxb6 Nxb6 23. Nd2 Ra7 24. Bd3 Be8 25. Nb3 Na4 26. Rec1 Rc8 27. f3 Nxc3 28.
Be1 Rac7 29. Bxc3 Rxc3 30. Bf5 R8c4 31. Be6+ Bf7 32. Bxf7+ Kxf7 33. Rxc3 Rxc3
34. Nd2 Rxe3 35. Kf2 Rc3 36. Ke2 f5 37. a4 Rc2 38. Kd1 Rb2 39. axb5 Bxb4 0-1

[Event "XIII Festival A"]
[Site "Cesenatico ITA"]
[Date "2008.09.02"]
[Round "4"]
[White "Mauro, Alan"]
[Black "Roeder, Matthias"]
[WhiteElo "2187"]
[BlackElo "2451"]
[Result "0-1"]
[PlyCount "64"]
[EventDate "2008.08.30"]

1. e4 c5 2. Nf3 d6 3. d4 cxd4 4. Nxd4 Nf6 5. Bd3 Nc6 6. Nxc6 bxc6 7. O-O g6 8.
Kh1 Bg7 9. f4 O-O 10. Nd2 a5 11. Qe1 Nd7 12. Nf3 Nc5 13. Qh4 e6 14. Qh3 f5 15.
e5 d5 16. Be3 Qe7 17. Bxc5 Qxc5 18. Ng5 h6 19. Nf3 Rb8 20. b3 Rb4 21. Nh4 g5
22. a3 Rxf4 23. Rxf4 gxf4 24. Ng6 Rf7 25. Rf1 Qxa3 26. Qh4 Bd7 27. Rxf4 Qc1+
28. Bf1 Kh7 29. Qh5 Bc8 30. Rf3 Qg5 31. Nf4 Qxh5 32. Nxh5 Bxe5 0-1

[Event "XIII Festival A"]
[Site "Cesenatico ITA"]
[Date "2008.09.02"]
[Round "4"]
[White "Sikula, Vaszilij"]
[Black "Mueller, Leonhard"]
[WhiteElo "2540"]
[BlackElo "2187"]
[Result "0-1"]
[PlyCount "68"]
[EventDate "2008.08.30"]

1. e4 c5 2. Nf3 d6 3. d4 cxd4 4. Nxd4 Nf6 5. Nc3 g6 6. Be3 Bg7 7. f3 Nc6 8. Qd2
O-O 9. Bc4 Bd7 10. O-O-O Qc7 11. Bb3 Rfc8 12. g4 Na5 13. Kb1 Nc4 14. Bxc4 Qxc4
15. h4 b5 16. h5 b4 17. Nce2 a5 18. hxg6 fxg6 19. Ng3 a4 20. Qe2 Qf7 21. Rh2 b3
22. cxb3 axb3 23. a3 Ba4 24. Qd3 Nd7 25. Rdh1 Ne5 26. Qf1 Nc4 27. Qe1 Nxe3 28.
Qxe3 Rc4 29. Nge2 h6 30. Nxb3 Rb8 31. Nec1 Rc7 32. Rd1 Bxb3 33. Nxb3 Rxb3 34.
Rd3 Rcb7 0-1